| 000 | 01018nam a22003258i 4500 | ||
|---|---|---|---|
| 001 | 020573275 | ||
| 003 | EG-ScBUE | ||
| 005 | 20260307092925.0 | ||
| 008 | 220324s2022 enk f b 000 0 eng d | ||
| 020 | _a9781788706643 (pbk.) | ||
| 040 |
_aStDuBDS _beng _erda _cStDuBDS _dEG-ScBUE |
||
| 082 | 0 | 4 |
_a154.2 _222 _bROB |
| 100 | 1 |
_aRoberts, Simon, _d1972- _eauthor. |
|
| 245 | 1 | 4 |
_aThe power of not thinking / _cSimon Roberts. |
| 264 | 1 |
_aLondon : _bHeligo Books, _c2022. |
|
| 300 |
_axxi, 328 pages ; _c20 cm |
||
| 336 |
_atext _2rdacontent _btxt |
||
| 337 |
_aunmediated _2rdamedia _bn |
||
| 338 |
_avolume _2rdacarrier _bnc |
||
| 500 | _aOriginally published: London: 535, 2020. | ||
| 504 | _aIncludes bibliographical references. | ||
| 650 | 7 |
_aSubconsciousness. _2BUEsh |
|
| 650 | 7 |
_aInvoluntary memory. _2BUEsh |
|
| 650 | 7 |
_aThought and thinking. _2BUEsh |
|
| 650 | 7 |
_aDecision making. _2BUEsh |
|
| 653 |
_cFebruary2026 _bHHUUPPSS |
||
| 655 | _vReading book | ||
| 942 |
_2ddc _cBB |
||
| 999 |
_c31119 _d31090 |
||